000
00288nam a2200121Ia 4500
008
190216s9999||||xx |||||||||||||| ||und||
100
_a
Sreedharan Quilandy
245
0
_a
Rrference-Poorna Quiz
260
_b
Poorna Pubs Kozhikode
_c
1988
300
_a
129p
650
_a
Quiz
942
_c
REF
999
_c
36166
_d
36166